Posúdenie a predikcia akustickej pohody v reštauráciách
Enregistré dans:
| Auteur principal: | |
|---|---|
| Autres auteurs: | |
| Format: | Manuscrit Livre |
| Langue: | slovaque |
| Publié: |
2018
|
| Sujets: | |
| Accès en ligne: | http://is.stuba.sk/zp/portal_zp.pl?podrobnosti=120090 |
| Tags: |
Pas de tags, Soyez le premier à ajouter un tag!
|
MARC
| LEADER | 00000ntm a22000003a 4500 | ||
|---|---|---|---|
| 001 | stuzp49139 | ||
| 003 | SK-STU | ||
| 005 | 20180901210419.5 | ||
| 007 | ta | ||
| 008 | 150427s2015----xo-----f-mn---000-0-slo-d | ||
| 040 | |a STU |b slo | ||
| 041 | 0 | |a slo | |
| 100 | 1 | |a Zelem, Lukáš |u 010180 |4 aut |U SvF Stavebná fakulta |T SvF Katedra konštrukcií pozemných stavieb |X 59292 |U V180 |Y 18 |7 A000059292 | |
| 242 | 0 | 1 | |a Assessment and prediction of acoustic comfort in restaurants |y eng |
| 245 | 1 | 0 | |a Posúdenie a predikcia akustickej pohody v reštauráciách |
| 260 | |c 2018 | ||
| 650 | 4 | |a predikcia |2 slo | |
| 650 | 4 | |a reštaurácia |2 slo | |
| 650 | 4 | |a Lombardov efekt |2 slo | |
| 650 | 4 | |a prediction |2 eng | |
| 650 | 4 | |a restaurant |2 eng | |
| 650 | 4 | |a Lombard effect |2 eng | |
| 700 | 1 | |a Rychtáriková, Monika |u 010180 |k Z8 |4 ths |U SvF Stavebná fakulta |T SvF Katedra konštrukcií pozemných stavieb |X 715 |U V180 |Y 18 |7 A000000715 | |
| 856 | 4 | |u http://is.stuba.sk/zp/portal_zp.pl?podrobnosti=120090 | |
| 996 | |b 284V041452 |c V* 3415/DP-1345 |l VVS |s P |a 0 |w stuzp49139_0001 | ||